Arte poetica
Gardado en:
| Autor Principal: | |
|---|---|
| Formato: | Libro |
| Idioma: | Lingua castelá |
| Publicado: |
Buenos Aires, Argentina
Clásica
1953
|
| Subjects: | |
| Tags: |
Engadir etiqueta
Sen Etiquetas, Sexa o primeiro en etiquetar este rexistro!
|
MARC
| LEADER | 00000nam a2200000 a 4500 | ||
|---|---|---|---|
| 001 | UCV8954 | ||
| 003 | CL-VaPUC | ||
| 005 | 20211030074321.0 | ||
| 008 | 920323e19530000AG |||||||||||||||||spa|d | ||
| 999 | |c 214359 |d 214357 | ||
| 040 | |c Pontificia Universidad Católica de Valparaíso | ||
| 082 | 0 | 4 | |a 841 BOI 1953 |2 21 |
| 100 | 0 | |a Boileau-Despreaux, Nicolas |9 302926 | |
| 245 | 1 | 0 | |a Arte poetica |
| 260 | 0 | 3 | |a Buenos Aires, Argentina |b Clásica |c 1953 |
| 300 | |a 95 páginas | ||
| 583 | |a last modification |c 19920323 00:00:00 |k Rodrigo Vera | ||
| 650 | 0 | |a Poesías francesas |9 265467 | |
| 650 | 0 | |a Literatura francesa |9 266330 | |
| 942 | |c BK |2 ddc | ||
| 945 | |d 19920323 00:00:00 | ||
| 952 | |0 0 |1 0 |2 ddc |4 0 |6 841_000000000000000_BOI_1953 |7 0 |8 A |9 197646 |a BIBARQ |b BIBARQ |d 2019-11-14 |i 2653192 |o 841 BOI 1953 |p 2653192 |r 2025-01-20 |t 1 |w 2019-11-14 |y BK |k ARQ | ||